[Event "FIDE Candidates 2018"]
[Site "Berlin GER"]
[Date "2018.03.19"]
[Round "8"]
[White "So,W"]
[Black "Caruana,F"]
[Result "*"]
[WhiteElo "2799"]
[BlackElo "2784"]
[EventDate "2018.03.10"]

1. e4 e5 2. Nf3 Nf6 3. Nxe5 d6 4. Nf3 Nxe4 5. Qe2 Qe7 6. d3 Nf6 7. Nc3
Qxe2+ 8. Bxe2 g6 9. Bg5 Bg7 10. O-O-O O-O 11. Rhe1 h6 12. Bh4 Nc6 13. d4 a6
14. a3 Bd7 15. d5 Na7 16. Nd4 Nc8 17. Nb3 g5 18. Bg3 Re8 19. Na5 b5 20. f3
Nh5 21. Bf2 Nf4 22. Bf1 Nb6 23. Rxe8+ Rxe8 24. Bxb6 cxb6 25. Nb7 Be5 26.
Ne4 Rb8 27. Nexd6 Ng6 28. g3 *

[Event "FIDE Candidates 2018"]
[Site "Berlin GER"]
[Date "2018.03.19"]
[Round "8"]
[White "Grischuk,A"]
[Black "Kramnik,V"]
[Result "*"]
[WhiteElo "2767"]
[BlackElo "2800"]
[EventDate "2018.03.10"]

1. c4 e6 2. Nc3 d5 3. d4 Nf6 4. Nf3 c5 5. e3 dxc4 6. Bxc4 a6 7. Bb3 b5 8.
e4 cxd4 9. Nxd4 Bb7 10. e5 Ne4 11. O-O Nxc3 12. bxc3 Nc6 13. a4 Bc5 14.
axb5 axb5 15. Rxa8 Bxa8 16. Nxb5 O-O 17. Qxd8 Rxd8 18. Bf4 h6 19. h4 Ne7
20. Rd1 Rb8 21. Bc4 Bc6 *

[Event "FIDE Candidates 2018"]
[Site "Berlin GER"]
[Date "2018.03.19"]
[Round "8"]
[White "Ding Liren"]
[Black "Aronian,L"]
[Result "*"]
[WhiteElo "2769"]
[BlackElo "2794"]
[EventDate "2018.03.10"]

1. c4 Nf6 2. g3 e6 3. Bg2 d5 4. Nf3 dxc4 5. Qa4+ Bd7 6. Qxc4 c5 7. d4 Bc6
8. dxc5 Nbd7 9. Be3 Bd5 10. Qc2 Be4 11. Qc1 Ng4 12. b4 a5 13. Bg5 f6 14.
Bd2 axb4 15. Bxb4 Nxc5 16. Bxc5 Rc8 17. Qc4 Bxc5 18. Qxe6+ Kf8 19. Qxg4
Bb4+ 20. Nbd2 Bxd2+ 21. Nxd2 Bxg2 22. Rg1 Bd5 23. Rd1 Qc7 24. Ne4 *